| 000 | 00515cam a2200193 4500 | ||
|---|---|---|---|
| 001 | 45277 | ||
| 090 | _a45277 | ||
| 100 | _a19930612d1981 m y0pory5003 ba | ||
| 101 | 0 | _apor | |
| 102 | _aPT | ||
| 200 | 1 |
_aDa semente ao pão _fJosé Vultos Sequeira _gil. Manuel José Lopes |
|
| 210 |
_a[Lisboa] _cCaminho, _dimp. 1981 |
||
| 215 |
_a23 p. _cil. |
||
| 675 | _a82-93 | ||
| 675 |
_a087.5 _vBN _zpor |
||
| 700 | 1 |
_aSequeira, _bJosé Vultos, _f1945- |
|
| 702 | 1 |
_aLopes, _bJosé Manuel, _f1950- _4440 |
|
| 801 | 0 |
_aPT _bBN _gRPC |
|
| 990 | _cLIVROS | ||